Villes et villages de Camargue - Mort subite - Statistiques

Statistiques générales
  • Ce quiz a été pris 220 fois
  • Le résultat moyen est 3 sur 8
Answers on the Grid
Answers color-coded by a green-red scale on the quiz's grid according to % correct below.
Arles
Nîmes
Carry-le-Rouet
Salin-de-Giraud
La Grande Motte
Les Saintes-Maries-de-la-Mer
Aigues-Mortes
Port-Saint-Louis-du-Rhône
Saint-Martin-de-Crau
Saint-Gilles-du-Gard
Les Baux-de-Provence
Cavaillon
Le Grau-du-Roi
Paris
Avignon
Saint-Laurent-d'Aigouze
 
Statistiques - réponses
Réponse % Correct
Arles
83%
Les Saintes-Maries-de-la-Mer
46%
Aigues-Mortes
35%
Salin-de-Giraud
31%
Le Grau-du-Roi
29%
Port-Saint-Louis-du-Rhône
21%
Saint-Laurent-d'Aigouze
21%
Saint-Gilles-du-Gard
19%
Aucun quiz correspondant
Distribution des résultats
% des personnes avec chaque résultat
Percentile par nombre de réponses
Votre historique - résultats
Vous n’avez pas pris ce quiz